The road to amoha

שמור ב:
מידע ביבליוגרפי
מחבר ראשי: Ludlum, Robert
פורמט: ספר
שפה:Undetermined
יצא לאור: Estados Unidos [s.n.] 1992
נושאים:
תגים: הוספת תג
אין תגיות, היה/י הראשונ/ה לתייג את הרשומה!

MARC

LEADER 00000nam a2200000Ia 4500
008 170316s9999 xx 000 0 und d
040 |a cru BVZT 
090 |a 810 L-33r 
100 |a Ludlum, Robert 
245 4 |a The road to amoha 
260 |a Estados Unidos 
260 |b [s.n.] 
260 |c 1992 
300 |a 570 páginas 
650 |a LITERATURA ESTADOUNIDENSE 
999 |c 5875  |d 5875 
942 |c 15 D  |h 810 L-33r  |2 z